00765nam a2200205 a 4500001001000000003000500010005001700015008004100032010001100073011001100084040000900095100003100104245022100135260003700356300001400393502004500407650004000452650004100492650002600533000109909CHAP20220329144108.0140606s2012 mx ad |rm |0|||||spa d a106371 a107343 cCHAP1 aEscobar García, Adrián10aEstimación de capacidad de carga y evaluación de dos alimentos comerciales con diferentes niveles de Saccharomyces cerevisiae en tilapia (Oreochromis niloticus) en el CEP-CSAEGRO /cpor Adrián Escobar García. aCocula, Gro. :bEl autor,c2012. avi, 73 h. aTesis (Ing. Agr. Zootecnista) -- CSAEGRO14aLevaduras en alimentación animal.14aTilapiaxAlimentación y alimentos.14aTilapiaxRendimiento.